| 000 | 00360nam a2200133Ia 4500 | ||
|---|---|---|---|
| 008 | 240624s9999 xx 000 0 und d | ||
| 041 | _aeng | ||
| 082 | _a332.1532 XU | ||
| 100 | _aXU JIAJUN | ||
| 245 | _aBEYOND US HEGEMONY IN INTERNATIONAL DEVE | ||
| 260 |
_c2017 _aNew Delhi _bCambridge University Press |
||
| 300 | _axvi, 304 p.; 23 cm. | ||
| 365 |
_cBPS _b30 |
||
| 999 |
_c29631 _d29631 |
||